Itinerari de la Casanova de l'Obac : coneguem els nostres parcs : guió didàctic / Parc Natural de Sant Llorenç del Munt i l'Obac coneguem els nostres parcs :
Publicado:
Barcelona :
Diputació de Barcelona, Àrea d'Espais Naturals, Xarxa de Parcs Naturals, [2011]
Descripción Física:
18 p. : il. ; 21 cm
MARC
| LEADER | 00000nam a2200000Ia 4500 | ||
|---|---|---|---|
| 001 | 23350 | ||
| 008 | 160829s9999 xx 000 0 cat d | ||
| 080 | |a FU-61-1 | ||
| 110 | 1 | |a Parc Natural de Sant Llorenç del Munt i l'Obac (Catalunya) |9 10145 | |
| 245 | |a Itinerari de la Casanova de l'Obac : |b coneguem els nostres parcs : |b guió didàctic / Parc Natural de Sant Llorenç del Munt i l'Obac | ||
| 260 | |a Barcelona : |b Diputació de Barcelona, Àrea d'Espais Naturals, Xarxa de Parcs Naturals, [2011] | ||
| 300 | |a 18 p. : |b il. ; |c 21 cm | ||
| 650 | |a Casanova de l'Obac |x Problemes, exercicis, etc. |9 46316 | ||
| 650 | |a Parc Natural de Sant Llorenç del Munt |x Problemes, exercicis, etc. |9 48699 | ||
| 650 | |a Material didàctic |9 22831 | ||
| 710 | 1 | |a Barcelona (Catalunya : Província). |b Xarxa de Parcs Naturals |9 7250 | |
| 710 | |a Barcelona (Catalunya : Província). |b Àrea d'Espais Naturals |9 9050 | ||
| 901 | |a Arxiu | ||
| 942 | |n 1 | ||
| 952 | |0 0 |1 0 |4 0 |6 FU611 |7 1 |9 54785 |a Arxiu |b Arxiu |d 2012-01-03 |l 0 |o FU-61-1 |p 23350 |r 2016-12-01 00:00:00 |w 2016-12-01 |y ARXIU | ||
| 999 | |c 58654 |d 58654 | ||